Factores asociados a la salud mental en docentes universitarios de una institución de educación superior en Cartagena, Colombia 2025 / (Registro nro. 49012)

Detalles MARC
000 -LEADER
fixed length control field 01818nam a2200253 4500
003 - CONTROL NUMBER IDENTIFIER
control field CO-CtgCURN
005 - DATE AND TIME OF LATEST TRANSACTION
control field 20250617152457.0
008 - FIXED-LENGTH DATA ELEMENTS--GENERAL INFORMATION
fixed length control field 190415s2025 000 0 eng d
040 ## - CATALOGING SOURCE
Original cataloging agency CO-CtgCURN
Language of cataloging spa
Transcribing agency coctgcurn
082 0# - DEWEY DECIMAL CLASSIFICATION NUMBER
Classification number INQ 2025
Item number B643
100 1# - MAIN ENTRY--PERSONAL NAME
Personal name Blanquicet Franco, Leidy Tatiana.
245 10 - TITLE STATEMENT
Title Factores asociados a la salud mental en docentes universitarios de una institución de educación superior en Cartagena, Colombia 2025 /
Statement of responsibility, etc. Leidy Tatiana Blanquicet Franco; Melanys Karolay Ramos Blanco; Guadalupe Margarita Valle Vélez ; Asesor: Jaime Alberto Lorduy Gómez.
260 ## - PUBLICATION, DISTRIBUTION, ETC.
Place of publication, distribution, etc. Cartagena de Indias :
Name of publisher, distributor, etc. Corporación Universitaria Rafael Núñez,
Date of publication, distribution, etc. 2025.
300 ## - PHYSICAL DESCRIPTION
Extent 80 hojas.
504 ## - BIBLIOGRAPHY, ETC. NOTE
Bibliography, etc. note Trabajo de grado (Instrumentación quirúrgica). Corporación Universitaria Rafael Núñez. Facultad de Ciencias de la Salud. Instrumentación Quirúrgica, 2025.
520 ## - SUMMARY, ETC.
Summary, etc. "Las exigencias del ámbito universitario generan un entorno altamente demandante para los docentes. Esta situación los hace propensos a desarrollar un deterioro en su salud mental, manifestado en trastornos del sueño, episodios de ansiedad, estrés y depresión. Comprender esta problemática resulta fundamental para proteger la salud mental de los docentes y promover un ambiente laboral saludable.."
650 #0 - SUBJECT ADDED ENTRY--TOPICAL TERM
Topical term or geographic name entry element Instrumentación quirúrgica
Form subdivision Tesis y disertaciones academicas.
700 1# - ADDED ENTRY--PERSONAL NAME
Personal name Ramos Blanco, Melanys Karolay.
700 1# - ADDED ENTRY--PERSONAL NAME
Personal name Valle Vélez, Guadalupe Margarita.
700 1# - ADDED ENTRY--PERSONAL NAME
Personal name Lorduy Gómez, Jaime Alberto,
Relator term Asesor.
856 ## - ELECTRONIC LOCATION AND ACCESS
Uniform Resource Identifier <a href="https://unicurn.sharepoint.com/:b:/s/biblioteca/ETwTXvWS865Gk59DcVcoi60BqWfOspBz4_ToLQgOb9pnyQ?e=XlBJEA">https://unicurn.sharepoint.com/:b:/s/biblioteca/ETwTXvWS865Gk59DcVcoi60BqWfOspBz4_ToLQgOb9pnyQ?e=XlBJEA</a>
Public note Click aqui para ver el recurso en texto completo
942 ## - ADDED ENTRY ELEMENTS (KOHA)
Source of classification or shelving scheme Dewey Decimal Classification
Koha item type Trabajos de grado
Classification part INQ 2025
Item part B643
Suppress in OPAC No
Existencias
Withdrawn status Lost status Source of classification or shelving scheme Damaged status Not for loan Collection Home library Current library Shelving location Date acquired Source of acquisition Cost, normal purchase price Inventory number Total checkouts Full call number Barcode Date last seen Price effective from Koha item type
    Dewey Decimal Classification     Trabajos de grado Miguel Henríquez Emiliani Miguel Henríquez Emiliani Trabajo de grado 06/01/2019 El autor 350000.00 025503   INQ 2025 B643 025503 06/20/2019 06/20/2019 Trabajos de grado